• 首页
  • 本馆介绍
  • 公告通知
  • 最新文献
  • 馆藏检索
  • 电子资源
  • 读者导购
  • 参考咨询
  • 我的图书馆
  • 登录
  • 详细信息显示
  • 放入我的书架
  • 预约/预借图书
  • 作者相关作品
  • 分类相关作品
  • 丛书相关作品
  • 出版社相关作品

书目信息

  • 表格格式
  • 工作单格式
  • 卡片格式
题名:
光化学原理
    
 
作者: 苏班 著 ;陆志刚 译
分册:  
出版信息: 北京   人民教育出版社  1982
页数: 77页
开本: 21cm
丛书名:
单 册:
中图分类: O644.1
科图分类:
主题词: 光化学--高等学校--教学参考资料
电子资源:
ISBN:
000 00733nam2 2200253 45
001 0182005219
005 20060728151839.60
010    @dCNY0.36
091    @a13012.0714
100    @a19950720d1982 em y0chiy0121 ea
101 1  @achi@ceng
102    @aCN@b110000
105    @ay z 000yy
200 10 @a光化学原理@Aguang hua xue yuan li@f(英)P·苏班著@F(ying)P·su ban zhu@g陆志刚译@Glu zhi gang yi
210    @a北京@c人民教育出版社@d1982
215    @a77页@d21cm
300 2  @a高等学校教学参考书
606    @a光化学@x高等学校@x教学参考资料
690    @aO644.1@v3
701  1 @a苏班@Asu ban@bP.@4著
702  0 @a陆志刚@Alu zhi gang@4译
801  0 @aCN@b上海图书馆@c20060728
801  2 @aCN@bNLC@c20060725
905    @dO644.1@e5
    
    光化学原理/(英)P·苏班著/陆志刚译.-北京:人民教育出版社,1982
    77页;21cm
    高等学校教学参考书
    
    ISBN :CNY0.36
    
●
相关链接 在E读中查询图书 在五车中查询图书 在当当中查询图书 在豆瓣中查询图书


正题名:光化学原理     索取号:O644.1/5         预约/预借

序号 登录号 条形码 馆藏地/架位号 状态 备注
1 0176477   202223959   密集书库/ [索取号:O644.1/5] 在馆    
2 0176478   000342935   第三借阅区/ [索取号:O644.1/5] 在馆    
3 0176479   000342944   第二样本阅览室/ [索取号:O644.1/5] 在馆    
4 0432036   204320369   密集书库/ [索取号:O644.1/5] 在馆    
5 0432182   204321821   密集书库/ [索取号:O644.1/5] 在馆    
6 0432769   204327692   密集书库/ [索取号:O644.1/5] 在馆    
7 0432820   204328209   密集书库/ [索取号:O644.1/5] 在馆    
8 0433009   204330090   密集书库/ [索取号:O644.1/5] 在馆    
9 0442767   204427673   密集书库/ [索取号:O644.1/5] 在馆    
10 0442768   204427682   密集书库/ [索取号:O644.1/5] 在馆    
11 0442769   204427691   密集书库/ [索取号:O644.1/5] 在馆    
12 0442770   204427708   密集书库/ [索取号:O644.1/5] 在馆    
13 0442771   204427717   密集书库/ [索取号:O644.1/5] 在馆    
唐山师范学院图书馆 欢迎您!
大连网信软件有限公司© 版权所有